00352nam a2200133Ia 4500003000900000008004100009040001600050080001800066100001900084245004000103260004100143300001400184650002000198IN-BaIIA211028s9999 xx 000 0 eng d cIIA Library a03:635.9bRAN aRandhawa, M.S. 0aFlowering treescRandhawa M. S.  aNew DelhibNational Book Trustc1968 aix, 205p. aFlowering trees